000 01236cam a22002771i 4500
003 SA-RiAUC
005 20241226133623.0
008 241217s2010 su g f00010 ara c
020 _a9789960321912
040 _aSA-MaUQU
_bara
_cSA-RiAUC.
_erda
082 0 4 _a332.1221
_qSA-RiAUC
090 _a332.1221
_b ع ي ا
100 1 _aعياش، محمد صالح علي
_eمؤلف.
245 1 2 _aالمسؤولية الاجتماعية للمصارف الإسلامية :
_bطبيعتها وأهميتها /
_cإعداد محمد صالح علي عياش.
246 3 _aالمسئولية الاجتماعية للمصارف الإسلامية :
_bطبيعتها وأهميتها
250 _aالطبعة الأولى.
264 1 _aجدة، السعودية :
_bالبنك الإسلامي للتنمية،
_c2010
300 _a164 صفحة ؛
_c24 سم
336 _aنص
_btxt
_2rdacontent
_3كتاب
337 _aبدون وسيط
_bn
_2rdamedia
338 _aمجلد
_bnc
_2rdacarrier
650 7 _aالبنوك الإسلامية
_xجوانب اقتصادية
_2aucsh
650 7 _aالبنوك الإسلامية
_xجوانب اجتماعية
_2aucsh
942 _2ddc
_cBOOK
_n0
949 _aSA-JeALM
_d241217
_umohamedma123
_n1
999 _c3994
_d3994